Con España en el corazón 1975 - 1995 : (Registro nro. 7007)

Detalles MARC
000 -CABECERA
Campo de control interno 01740nam a2200241Ia 4500
008 - ELEMENTOS DE LONGITUD FIJA - INFORMACIÓN GENERAL
Campo de control de longitud fija 260220t1995||||xx |||||||||||||| ||spa||
020 ## - ISBN
ISBN 8422658554
040 ## - FUENTE DE CATALOGACIÓN
Agencia de catalogación original PY-SlUNAC
Idioma de catalogación spa
Convenciones de descripción rda
041 ## - CÓDIGO DE IDIOMA
Código de idioma para texto/pista de sonido o título separado spa
082 ## - NÚMERO DE CLASIFICACIÓN DECIMAL DEWEY
Clasificación Decimal Dewey (CDD) 320.04
Clasificación Expansiva de Cutter (EC) C743c
245 #0 - TÍTULO
Título Con España en el corazón 1975 - 1995 :
Subtítulo primer discurso de la corona y los mensajes navideños del Rey
264 ## - PIE DE IMPRENTA
Lugar Barcelona :
Editorial Círculo de Lectores,
Año ℗1995.
300 ## - DESCRIPCIÓN FÍSICA
Páginas 1 volumen
520 ## - NOTA DE RESUMEN
Nota de resumen "Con España en el corazón 1975-1995" compila los discursos del Rey de España y sus mensajes navideños durante un periodo crucial de la historia del país, abarcando desde la muerte de Franco hasta la consolidación de la democracia. Este libro ofrece un análisis profundo de la evolución del papel de la monarquía en la sociedad española, reflejando los desafíos políticos y sociales que enfrentó la nación en esos años. Los textos seleccionados destacan la importancia de la unidad nacional, la reconciliación y la modernización, así como el compromiso del Rey con los valores democráticos. A través de estas intervenciones, se documenta cómo la figura monárquica buscó conectar emocionalmente con los ciudadanos, promoviendo un sentido de pertenencia y esperanza ante los cambios. Con un enfoque en la retórica real y su impacto en la opinión pública, esta obra es un recurso valioso para comprender la transición española y la evolución del liderazgo monárquico en un contexto democrático.
653 ## - MATERIA - TÉRMINO TEMÁTICO NO CONTROLADO (PALABRAS CLAVE)
Materia - término temático no controlado (palabras clave) Discursos
653 ## - MATERIA - TÉRMINO TEMÁTICO NO CONTROLADO (PALABRAS CLAVE)
Materia - término temático no controlado (palabras clave) Historia contemporánea
653 ## - MATERIA - TÉRMINO TEMÁTICO NO CONTROLADO (PALABRAS CLAVE)
Materia - término temático no controlado (palabras clave) Monarquía
942 ## - ELEMENTOS PERSONALIZADOS (KOHA)
Fecha catalogación 2026/02/17
Tipo de documento Libros
Existencias
Fuente de Clasificacion Colección Ubicacion permanente Biblioteca actual Fecha de Ingreso a la Biblioteca Origen de adquisición Código de ubicación Código de barras Tipo de Item KOHA Nota pública
Dewey Decimal Classification Colección General (CG) Biblioteca e Internet, Facultad de Ciencias Exactas y Naturales Biblioteca e Internet, Facultad de Ciencias Exactas y Naturales 02/20/2026 Donación 320.04 C743c CG367 Libros Material disponible en la Biblioteca e Intenet, Campus UNA, San Lorenzo.